00630nam a22001457a 450000500170000010000680001724500850008526000270017030000090019770000420020694200110024899900170025995201040027695201040038020260629121630.0 aImam Alia21-MSCS-04aSupervisor - Dr.Asghar Ali Chandio 91025 aMalicious and Non Malicious Website Deduction Using Machine Learning (Thesis MS) aNawabshahbQUESTc2025 a80p. aDepartment of Computer Science 91007 cTHESIS c69083d69080 00104070aRESEARCHbRESEARCHd2026-06-29l0pMP/101-1489r2026-06-29 12:18:56w2026-06-29yTHESIS 00104070aRESEARCHbRESEARCHd2026-06-29l0pMP/101-1490r2026-06-29 12:18:56w2026-06-29yTHESIS